000 00614nam a2200241Ia 4500
003 OSt
005 20221007080256.0
006 a|||||r|||| 00| 0
007 ta
008 221006b |||||||| |||| 00| 0 eng d
020 _a8175344849
024 _a9,599
037 _cTextual
040 _aFLL
_cFLL
_beng
041 _2eng
_aeng
082 _aZ2,2,4, P5
100 _aAvtar Singh
245 0 _aTransfer of property act
260 _aNew Delhi
_bUniversal Law Pub. India
_c2005
300 _axliv,412p
_ccm.
942 _hZ2,2,4, P5
_cTEXL
_2CC
999 _c1158938
_d1158938